[Event "FIDE World Chess Cup"]
[Site "Baku, AZE"]
[Date "2015.09.14"]
[Round "10.1"]
[White "Zhigalko, Sergei"]
[Black "Topalov, Veselin"]
[Result "1/2-1/2"]
[WhiteElo "2656"]
[BlackElo "2816"]
[PlyCount "21"]
[EventDate "2015.??.??"]
[WhiteTeam "Belarus"]
[BlackTeam "Bulgarien"]
[WhiteCountry "BLR"]
[BlackCountry "BUL"]

1. e4 c5 2. c3 d5 3. exd5 Qxd5 4. d4 Nf6 5. Nf3 Bg4 6. dxc5 Qxc5 7. h3 Bh5 8.
Na3 a6 9. Be3 Qc7 10. Qa4+ Nbd7 11. Bf4 1/2-1/2

[Event "FIDE World Chess Cup"]
[Site "Baku, AZE"]
[Date "2015.09.14"]
[Round "10.8"]
[White "Ding, Liren"]
[Black "Inarkiev, Ernesto"]
[Result "1-0"]
[WhiteElo "2782"]
[BlackElo "2660"]
[PlyCount "77"]
[EventDate "2015.??.??"]
[WhiteTeam "China"]
[BlackTeam "Russland"]
[WhiteCountry "CHN"]
[BlackCountry "RUS"]

1. c4 e6 2. Nc3 d5 3. d4 Nf6 4. cxd5 exd5 5. Bg5 c6 6. e3 Be7 7. Bd3 Nbd7 8.
Nge2 Nh5 9. Bxe7 Qxe7 10. Qd2 Nb6 11. f3 g6 12. O-O O-O 13. Rae1 Be6 14. e4
dxe4 15. fxe4 Rad8 16. b3 Bg4 17. Qe3 f6 18. a4 Qb4 19. Bc2 Bxe2 20. Nxe2 Ng7
21. Rd1 Qe7 22. Qc3 a6 23. Nf4 Kh8 24. Qh3 Qf7 25. Rd3 Nc8 26. b4 g5 27. Bb3
Qe8 28. Qh6 Qxe4 29. Rh3 Ne7 30. Bc2 Qxc2 31. Nd3 Kg8 32. Qxh7+ Kf7 33. Ne5+
Ke6 34. Qxc2 fxe5 35. Rh6+ Kd7 36. Rxf8 Rxf8 37. dxe5 Ne6 38. Rf6 Re8 39. Qh7
1-0

[Event "FIDE World Chess Cup"]
[Site "Baku, AZE"]
[Date "2015.09.14"]
[Round "10.25"]
[White "Guseinov, Gadir"]
[Black "Navara, David"]
[Result "1-0"]
[WhiteElo "2634"]
[BlackElo "2728"]
[PlyCount "101"]
[EventDate "2015.??.??"]
[WhiteTeam "Aserbeidschan"]
[BlackTeam "Tschechien"]
[WhiteCountry "AZE"]
[BlackCountry "CZE"]

1. e4 c6 2. d4 d5 3. Nd2 dxe4 4. Nxe4 Bf5 5. Ng3 Bg6 6. h4 h6 7. Nf3 Nd7 8. h5
Bh7 9. Bd3 Bxd3 10. Qxd3 e6 11. Bd2 Ngf6 12. O-O-O Be7 13. Ne4 Nxe4 14. Qxe4
Nf6 15. Qd3 c5 16. Kb1 cxd4 17. Nxd4 O-O 18. Bxh6 gxh6 19. Qg3+ Kh8 20. Nxe6
fxe6 21. Rxd8 Raxd8 22. Qe3 Ng8 23. Qxa7 Bf6 24. f3 Ne7 25. Qe3 Bg7 26. Qxe6
Nd5 27. c3 Rfe8 28. Qf5 Re2 29. Rc1 Rxg2 30. a3 b5 31. Qf7 Nf6 32. Qb7 Rd5 33.
f4 Kh7 34. Re1 Rdd2 35. Qxb5 Nd5 36. Ka1 Rgf2 37. Qe8 Nxf4 38. Qe4+ Kh8 39.
Qa8+ Kh7 40. Qe4+ Kh8 41. Qf5 Rd8 42. Qb5 Rd5 43. Re8+ Kh7 44. Qc4 Rxh5 45.
Qg8+ Kg6 46. Re7 Rh1+ 47. Ka2 Nh5 48. Qe6+ Nf6 49. Qf7+ Kf5 50. Qxg7 Rhh2 51.
Rb7 1-0

[Event "FIDE World Chess Cup"]
[Site "Baku, AZE"]
[Date "2015.09.14"]
[Round "10.20"]
[White "Wojtaszek, Radoslaw"]
[Black "Artemiev, Vladislav"]
[Result "1-0"]
[WhiteElo "2741"]
[BlackElo "2671"]
[PlyCount "99"]
[EventDate "2015.??.??"]
[WhiteTeam "Polen"]
[BlackTeam "Russland"]
[WhiteCountry "POL"]
[BlackCountry "RUS"]

1. Nf3 Nf6 2. c4 c6 3. d4 d5 4. Nc3 dxc4 5. a4 Na6 6. e4 Bg4 7. Bxc4 Bxf3 8.
gxf3 Nb4 9. Be3 e6 10. O-O Be7 11. a5 O-O 12. Qb3 b6 13. axb6 axb6 14. Be2 c5
15. Nb5 Rxa1 16. Rxa1 Nc6 17. Rd1 cxd4 18. Nxd4 Nxd4 19. Bxd4 Qc8 20. Qxb6 Qc2
21. Kf1 Rd8 22. Ke1 Qc8 23. Be3 Rf8 24. Rc1 Qa8 25. Qc7 Bd8 26. Qa7 Ba5+ 27.
Kf1 Qxa7 28. Bxa7 h6 29. Rc4 Ra8 30. Bd4 Rb8 31. Be5 Rb7 32. Rc8+ Kh7 33. Rc5
Bd8 34. Rb5 Ra7 35. b4 g5 36. Bd4 Rc7 37. Rc5 Rd7 38. Rc4 Rb7 39. Rc8 Be7 40.
b5 Nh5 41. b6 Rd7 42. Be5 Rb7 43. Rc7 Rxb6 44. Rxe7 Kg6 45. Bd3 Rb3 46. Rd7 Ra3
47. Ke2 Ra4 48. Ke3 f6 49. Bd6 e5 50. Bb5 1-0

[Event "FIDE World Chess Cup"]
[Site "Baku, AZE"]
[Date "2015.09.14"]
[Round "10.14"]
[White "Harikrishna, P."]
[Black "Sethuraman, S.P."]
[Result "1/2-1/2"]
[WhiteElo "2737"]
[BlackElo "2640"]
[PlyCount "147"]
[EventDate "2015.??.??"]
[WhiteTeam "Indien"]
[BlackTeam "Indien"]
[WhiteCountry "IND"]
[BlackCountry "IND"]

1. e4 e5 2. Nf3 Nc6 3. Bc4 Bc5 4. d3 Nf6 5. O-O O-O 6. Nbd2 a6 7. Bb3 d6 8. c3
Ba7 9. h3 h6 10. Re1 Re8 11. Nf1 Be6 12. Bc2 d5 13. exd5 Nxd5 14. Ng3 Qd6 15.
Nh4 Qd8 16. Nhf5 Qf6 17. Qf3 g6 18. Nxh6+ Kg7 19. Qxf6+ Nxf6 20. Bd1 Rad8 21.
Be2 Nd5 22. Ng4 f5 23. Nh2 Nf4 24. Bxf4 exf4 25. Ngf1 Ne5 26. d4 Nf7 27. Bf3
Nd6 28. Nd2 Bf7 29. Nb3 c6 30. Be2 Bxb3 31. axb3 c5 32. d5 Ne4 33. Bc4 Bb8 34.
Nf3 Kf6 35. Re2 Nd6 36. Rxe8 Rxe8 37. h4 Nf7 38. Kf1 Bc7 39. Be2 Rd8 40. Re1
Ne5 41. Nxe5 Bxe5 42. Bf3 Rd7 43. Ke2 Ke7 44. Kd3 Kd6 45. Rg1 Rh7 46. g3 fxg3
47. fxg3 g5 48. hxg5 Rh3 49. Kc4 Rxg3 50. Rxg3 Bxg3 51. b4 b5+ 52. Kb3 Bf4 53.
bxc5+ Kxc5 54. g6 Be5 55. Kc2 a5 56. Kd3 Bg7 57. Ke3 Bh6+ 58. Kf2 Bg7 59. Kg3
b4 60. cxb4+ axb4 61. b3 Bh6 62. Kh4 Kd6 63. Kh5 Bg7 64. Kg5 Ke5 65. Bg2 Bf8
66. Bh1 Bg7 67. Bf3 Bf8 68. d6 Kxd6 69. Kf6 f4 70. g7 Bxg7+ 71. Kxg7 Ke5 72.
Kg6 Kd4 73. Kf5 Kc3 74. Kxf4 1/2-1/2

[Event "FIDE World Chess Cup"]
[Site "Baku, AZE"]
[Date "2015.09.14"]
[Round "10.6"]
[White "Kramnik, Vladimir"]
[Black "Bruzon Batista, Lazaro"]
[Result "1-0"]
[WhiteElo "2777"]
[BlackElo "2659"]
[PlyCount "233"]
[EventDate "2015.??.??"]
[WhiteTeam "Russland"]
[BlackTeam "Kuba"]
[WhiteCountry "RUS"]
[BlackCountry "CUB"]

1. Nf3 Nf6 2. g3 d5 3. Bg2 e6 4. O-O Be7 5. c4 O-O 6. d4 dxc4 7. Ne5 Nc6 8.
Nxc6 bxc6 9. Na3 Bxa3 10. bxa3 a5 11. Bxc6 Rb8 12. Qc2 Ba6 13. Rd1 Nd5 14. e4
Ne7 15. Ba4 f5 16. d5 exd5 17. exd5 Rf7 18. Be3 f4 19. Bxf4 Ng6 20. Be3 Ne5 21.
Qe4 Qe7 22. Bf4 Qxa3 23. Bxe5 Qxa4 24. Bc3 Bc8 25. g4 Qd7 26. h3 h5 27. Rd4
hxg4 28. hxg4 Bb7 29. Qe6 Re8 30. Re1 Ref8 31. f4 Qd8 32. f5 Qg5 33. Bd2 Qh4
34. Kg2 Rd8 35. Rh1 Bxd5+ 36. Rxd5 Qxg4+ 37. Kf2 Rxd5 38. Qxd5 c6 39. Qe6 Qd4+
40. Be3 Qd5 41. Qxd5 cxd5 42. Bd4 Rxf5+ 43. Ke3 Kf7 44. Rh7 Rg5 45. Kf3 Kg8 46.
Rh1 Kf7 47. a3 Ke6 48. Rb1 Rh5 49. Kg4 Rh2 50. Rb6+ Kd7 51. Kf5 Rh5+ 52. Kg4
Rh2 53. Be5 Ra2 54. Rd6+ Ke7 55. Ra6 c3 56. Bxc3 Rxa3 57. Bxg7 Kd7 58. Kf5 Kc7
59. Bd4 Kb7 60. Rb6+ Kc7 61. Ke5 Rh3 62. Kxd5 Rh5+ 63. Kc4 Kd7 64. Ra6 Rf5 65.
Bc5 Rf4+ 66. Kd5 Rf5+ 67. Kd4 a4 68. Kc4 Rf4+ 69. Bd4 a3 70. Kd5 Rf5+ 71. Be5
Rf7 72. Ra8 a2 73. Ra7+ Ke8 74. Ra8+ Kd7 75. Rxa2 Ke7 76. Ra6 Kd7 77. Bf6 Ke8
78. Ra8+ Kd7 79. Ke5 Kc6 80. Ke6 Rb7 81. Be5 Kb5 82. Kd5 Rd7+ 83. Bd6 Rb7 84.
Ra1 Kb6 85. Rc1 Kb5 86. Bc7 Ka6 87. Kd6 Rb5 88. Kc6 Rb6+ 89. Kd7 Rb5 90. Kc8
Rd5 91. Rb1 Rc5 92. Rb2 Rc4 93. Kd7 Rc5 94. Bd6 Rb5 95. Ra2+ Kb7 96. Ra4 Kb6
97. Ra1 Kb7 98. Rd1 Kb6 99. Rh1 Kb7 100. Rh6 Rd5 101. Rh8 Rb5 102. Rc8 Kb6 103.
Bc7+ Kb7 104. Rg8 Rd5+ 105. Bd6 Rb5 106. Rg6 Rd5 107. Ke6 Rb5 108. Rg1 Kb6 109.
Rc1 Kb7 110. Bc5 Kc6 111. Bd4+ Kb7 112. Kd6 Ka6 113. Bc5 Kb7 114. Ra1 Rb3 115.
Ra7+ Kb8 116. Kc6 Rh3 117. Ra1 1-0